00862nam a2200253Ia 450000500170000000800410001702000150005804100080007310000300008124501000011125000220021130000330023349000230026665000310028965000380032070000400035870000420039826400340044033600270047433700330050133800280053404000350056208400110059720220316235625.0121119s2002 ck a gr 000 f spa  a95830080361 aspa1 aCollodi, Carlod1826-189010aPinochocCarlo Collodi ; traducción, Antonio José Restrepo ; ilustraciones de Jairo Linares aPrimera edición a284 páginasbilustraciones0 aLiteratura juvenil14aLiteratura infantil 2LEMB14aMarionetasxNovela infantil2LEMB1 aRestrepo, Antonio Joséetraductor1 aLinares Landínez, Jairoeilustrador aBogotá bPanamericanac2002 atextobtxt2rdacontent asin mediaciónbn2rdamedia avolumenbnc2rdacarrier aCO-BoRNBPbspaerdacCO-BoRNBP aN COL4